000 00537nam a22002171a 4500
001 588
003 OSt
005 20260204211659.0
008 040112s1997||||sp ||||||b||||||||||spa||
020 _a8471123622
050 _a375.0085 L972t
082 _a375.0085 L972t
100 _aLundgren, U.P.
245 _aTeoría del curriculum y escolarización / U.P. Lundgren
250 _a2
264 _aEspaña : Morata
300 _a127 p.
500 _aIncluye bibliografía
650 _a1.Educación: CurriculumÌ
942 _2ddc
_cBK
999 _c588
_d588